Municipalities of Venezuela with a Map - Statistics

General Stats
  • This quiz has been taken 346 times
  • The average score is 75 of 335
Answers on the Map
Answers color-coded by a green-red scale on the quiz's map according to % correct below.
 
Answer Stats
State Municipality % Correct
Zulia Mara
76%
Anzoátegui | Miranda | Zulia Simón Bolívar
74%
Aragua | Barinas | Falcón | +5 others Bolívar
73%
Zulia Maracaibo
69%
Aragua | Bolívar | Falcón | +8 others Sucre
57%
Carabobo | Falcón | Mérida | +2 others Miranda
55%
Carabobo Valencia
51%
Barinas Barinas
49%
Falcón Falcón
44%
Táchira San Cristóbal
43%
Trujillo Trujillo
43%
Zulia Cabimas
41%
Anzoátegui | Táchira Libertad
40%
Cojedes Anzoátegui
37%
La Guaira Vargas
37%
Falcón | Zulia San Francisco
36%
Falcón | Miranda Zamora
35%
Apure | Miranda | Portuguesa Páez
34%
Apure San Fernando
34%
Anzoátegui Aragua
33%
Aragua | Carabobo | Distrito Capital | +4 others Libertador
33%
Amazonas Rio Negro
33%
Anzoátegui | Miranda | Táchira | Yaracuy Independencia
32%
Monagas Maturín
31%
Yaracuy San Felipe
30%
Delta Amacuro Tucupita
30%
Miranda | Mérida | Trujillo | Táchira Andrés Bello
29%
Miranda Baruta
29%
Carabobo San Diego
29%
Aragua | Lara | Miranda | Trujillo Urdaneta
29%
Miranda Chacao
27%
Zulia Colon
27%
Portuguesa Guanare
27%
Carabobo Puerto Cabello
27%
Anzoátegui Santa Ana
27%
Trujillo Valera
26%
Táchira Córdoba
25%
Anzoátegui Anaco
24%
Táchira Ayacucho
24%
Nueva Esparta | Sucre Mariño
24%
Aragua San Sebastián
24%
Anzoátegui | Táchira Simón Rodríguez
24%
Aragua | Mérida Tovar
24%
Amazonas Atabapo
22%
Bolívar Caroní
22%
Amazonas Alto Orinoco
21%
Portuguesa Araure
21%
Trujillo Bocono
21%
Anzoátegui | Guárico | Táchira Francisco de Miranda
21%
Aragua | Cojedes Girardot
21%
Carabobo Guacara
21%
Lara Iribarren
21%
Zulia Lagunillas
21%
Carabobo Naguanagua
21%
Apure Pedro Camejo
21%
Barinas Rojas
21%
Zulia Santa Rita
21%
Cojedes Tinaco
21%
Lara Torres
21%
Barinas | Nueva Esparta | Sucre Arismendi
20%
Amazonas Atures
20%
Yaracuy Bruzual
20%
Táchira Cárdenas
20%
Miranda Carrizal
20%
Zulia Catatumbo
20%
Miranda El Hatillo
20%
Anzoátegui Guanta
20%
Zulia Machiques de Perija
20%
Táchira Michelena
20%
Bolívar | Monagas Piar
20%
Monagas Sotillo
20%
Carabobo Bejuma
19%
Apure Biruaca
19%
Mérida Campo Elías
19%
Bolívar | Monagas Cedeño
19%
Aragua | Barinas | Cojedes | Monagas Ezequiel Zamora
19%
Nueva Esparta García
19%
Bolívar Gran Sabana
19%
Aragua | Guárico José Félix Ribas
19%
Zulia La Cañada de Urdaneta
19%
Trujillo La Ceiba
19%
Yaracuy Nirgua
19%
Yaracuy Peña
19%
Anzoátegui | Falcón Piritu
19%
Apure | Cojedes Rómulo Gallegos
19%
Táchira Torbes
19%
Zulia Valmore Rodríguez
19%
Mérida Zea
19%
Amazonas Autana
18%
Trujillo Candelaria
18%
Falcón Carirubana
18%
Falcón Dabajuro
18%
Falcón Federación
18%
Zulia Jesús Enrique Lossada
18%
Lara Jiménez
18%
Táchira Junín
18%
Amazonas Manapiare
18%
Amazonas Maroa
18%
Lara Palavecino
18%
Bolívar Roscio
18%
Falcón Silva
18%
Cojedes Tinaquillo
18%
Falcón | Monagas Acosta
16%
Zulia Almirante Padilla
16%
Barinas Antonio José de Sucre
16%
Zulia Baralt
16%
Miranda Brión
16%
Falcón Buchivacoa
16%
Aragua Camatagua
16%
Falcón Democracia
16%
Táchira Guasimos
16%
Táchira Jáuregui
16%
Guárico Juan Germán Roscio
16%
Carabobo Juan José Mora
16%
Miranda Lander
16%
Táchira Lobatera
16%
Carabobo Los Guayos
16%
Falcón Mauroa
16%
Carabobo Montalbán
16%
Trujillo Motatan
16%
Aragua Ocumare de la Costa de Oro
16%
Falcón Palmasola
16%
Trujillo Pampan
16%
Falcón Petit
16%
Cojedes Ricaurte
16%
Zulia Rosario de Perija
16%
Carabobo San Joaquín
16%
Aragua Santiago Mariño
16%
Mérida Santos Marquina
16%
Bolívar Sifontes
16%
Mérida Tulio Febres Cordero
16%
Táchira Uribante
16%
Miranda Acevedo
15%
Apure Achaguas
15%
Barinas | Lara | Sucre Andrés Eloy Blanco
15%
Sucre Bermúdez
15%
Guárico Camaguan
15%
Mérida Caracciolo Parra Olmedo
15%
Monagas Caripe
15%
Yaracuy Cocorote
15%
Falcón Colina
15%
Anzoátegui Diego Bautista Urbaneja
15%
Guárico El Socorro
15%
Trujillo Escuque
15%
Táchira Fernández Feo
15%
Táchira García de Hevia
15%
Portuguesa Guanarito
15%
Anzoátegui José Gregorio Monagas
15%
Guárico Leonardo Infante
15%
Miranda Los Salías
15%
Falcón Los Taques
15%
Falcón Monseñor Iturriza
15%
Lara Moran
15%
Apure Muñoz
15%
Barinas Obispos
15%
Trujillo Pampanito
15%
Delta Amacuro Pedernales
15%
Barinas Pedraza
15%
Táchira Pedro María Ureña
15%
Miranda Plaza
15%
Mérida Pueblo Llano
15%
Mérida Rivas Dávila
15%
Táchira San Judas Tadeo
15%
Lara Simón Planas
15%
Portuguesa Turen
15%
Mérida Alberto Adriani
14%
Delta Amacuro Antonio Díaz
14%
Mérida Aricagua
14%
Miranda Buroz
14%
Falcón Cacique Manaure
14%
Carabobo Carlos Arvelo
14%
Delta Amacuro Casacoima
14%
Guárico Chaguaramas
14%
Lara Crespo
14%
Carabobo Diego Ibarra
14%
Mérida Guaraque
14%
Aragua José Ángel Lamas
14%
Yaracuy José Antonio Páez
14%
Guárico José Tadeo Monagas
14%
Anzoátegui Juan Antonio Sotillo
14%
Yaracuy La Trinidad
14%
Nueva Esparta Macanao
14%
Nueva Esparta Maneiro
14%
Mérida Obispo Ramos de Lora
14%
Portuguesa Ospino
14%
Táchira Panamericano
14%
Cojedes Pao de San Juan Bautista
14%
Mérida Rangel
14%
Anzoátegui San Juan de Capistrano
14%
Guárico Santa María de Ipire
14%
Barinas Sosa
14%
Falcón Tocopero
14%
Falcón Unión
14%
Yaracuy Veroes
14%
Portuguesa Agua Blanca
13%
Monagas Aguasay
13%
Táchira Antonio Rómulo Costa
13%
Trujillo Carache
13%
Barinas Cruz Paredes
13%
Bolívar El Callao
13%
Zulia Francisco Javier Pulgar
13%
Aragua Francisco Linares Alcántara
13%
Nueva Esparta Gómez
13%
Táchira José María Vargas
13%
Aragua José Rafael Revenga
13%
Mérida Julio Cesar Sala
13%
Mérida Justo Briceño
13%
Cojedes Lima Blanco
13%
Trujillo Monte Carmelo
13%
Mérida Padre Noguera
13%
Miranda Paz Castillo
13%
Trujillo Rafael Rangel
13%
Trujillo San Rafael de Carvajal
13%
Portuguesa Santa Rosalía
13%
Táchira Seboruco
13%
Falcón Urumaco
13%
Nueva Esparta Villalba
13%
Barinas Alberto Arvelo Torrealba
12%
Bolívar Angostura del Orinoco
12%
Nueva Esparta Antolín del Campo
12%
Mérida Antonio Pinto Salinas
12%
Mérida Arzobispo Chacón
12%
Sucre Benítez
12%
Sucre Cajigal
12%
Mérida Cardenal Quintero
12%
Miranda Cristóbal Rojas
12%
Portuguesa Esteller
12%
Anzoátegui Fernando de Peñalver
12%
Anzoátegui Francisco del Carmen Carvajal
12%
Guárico Julián Mellado
12%
Sucre Montes
12%
Guárico Ortiz
12%
Anzoátegui Pedro María Freites
12%
Guárico Pedro Zaraza
12%
Táchira Rafael Urdaneta
12%
Táchira Samuel Darío Maldonado
12%
Aragua San Casimiro
12%
Guárico San Gerónimo de Guayabal
12%
Guárico San José de Guaribe
12%
Aragua Santos Michelena
12%
Anzoátegui Sir Arthur McGregor
12%
Nueva Esparta Tubores
12%
Yaracuy Urachiche
12%
Monagas Uracoa
12%
Sucre Valdez
12%
Yaracuy Arístides Bastidas
11%
Nueva Esparta Díaz
11%
Falcón Jacura
11%
Zulia Jesús María Semprum
11%
Trujillo José Felipe Márquez Cañizal
11%
Anzoátegui Juan Manuel Cajigal
11%
Guárico Las Mercedes
11%
Anzoátegui Manuel Ezequiel Bruzual
11%
Yaracuy Manuel Monge
11%
Nueva Esparta Marcano
11%
Sucre Mejía
11%
Bolívar Padre Pedro Chien
11%
Monagas Punceres
11%
Sucre Ribero
11%
Anzoátegui San José de Guanipa
11%
Portuguesa San Rafael de Onoto
11%
Sucre Andrés Mata
10%
Bolívar Bolivariano Angostura
10%
Sucre Cruz Salmerón Acosta
10%
Zulia Indígena Bolivariano Guajira
10%
Portuguesa Monseñor José Vicente de Und
10%
Portuguesa Papelón
10%
Miranda Pedro Gual
10%
Miranda Bolivariano Guaicaipuro
9%
Aragua Mario Briceño Iragorri
9%
Portuguesa San Genaro de Boconoito
9%
Trujillo Juan Vicente Campo Elías
5%
Monagas Santa Babara
1%
No matching quizzes found
Score Distribution
Percent of People with Each Score
Percentile by Number Answered
Your Score History
You have not taken this quiz